| 000 | 01676nam a2200337Ia 4500 | ||
|---|---|---|---|
| 001 | ebr10606339 | ||
| 003 | CaPaEBR | ||
| 006 | m u | ||
| 007 | cr cn||||||||| | ||
| 008 | 120904s2012 dcu sb 100 0 eng d | ||
| 020 | _z9780309260602 | ||
| 020 | _z9780309260619 | ||
| 040 |
_aCaPaEBR _cCaPaEBR |
||
| 035 | _a(OCoLC)809050053 | ||
| 050 | 1 | 4 |
_aRA971 _b.P678 2012eb |
| 245 | 0 | 0 |
_aPost-incident recovery considerations of the health care service delivery infrastructure _h[electronic resource] : _bworkshop summary / _cTheresa Wizemann and Bruce M. Altevogt, rapporteurs ; Forum on Medical and Public Health Preparedness for Catastrophic Events, Board on Health Sciences Policy, Institute of Medicine of the National Academies. |
| 260 |
_aWashington, D.C. : _bNational Academies Press, _c2012. |
||
| 300 | _a27 p. | ||
| 504 | _aIncludes bibliographical references. | ||
| 533 |
_aElectronic reproduction. _bPalo Alto, Calif. : _cebrary, _d2011. _nAvailable via World Wide Web. _nAccess may be limited to ebrary affiliated libraries. |
||
| 650 | 0 |
_aMedical care _zUnited States. |
|
| 650 | 0 |
_aHealth services administration _zUnited States. |
|
| 655 | 7 |
_aElectronic books. _2local |
|
| 700 | 1 | _aWizemann, Theresa M. | |
| 700 | 1 | _aAltevogt, Bruce M. | |
| 710 | 2 |
_aInstitute of Medicine (U.S.). _bForum on Medical and Public Health Preparedness for Catastrophic Events. |
|
| 710 | 2 |
_aInstitute of Medicine (U.S.). _bBoard on Health Sciences Policy. |
|
| 710 | 2 | _aNational Academies Press (U.S.) | |
| 710 | 2 | _aebrary, Inc. | |
| 856 | 4 | 0 |
_uhttp://site.ebrary.com/lib/rucke/Doc?id=10606339 _zAn electronic book accessible through the World Wide Web; click to view |
| 999 |
_c97254 _d97254 |
||